Managerial accounting / (Record no. 1267)
[ view plain ]
| 000 -LEADER | |
|---|---|
| fixed length control field | 01254cam a2200349 a 4500 |
| 003 - CONTROL NUMBER IDENTIFIER | |
| control field | CaOOAMICUS |
| 005 - DATE AND TIME OF LATEST TRANSACTION | |
| control field | 20210625050457.0 |
| 008 - FIXED-LENGTH DATA ELEMENTS--GENERAL INFORMATION | |
| fixed length control field | 030515s2004 onca 001 0 eng |
| 020 ## - INTERNATIONAL STANDARD BOOK NUMBER | |
| International Standard Book Number | 0070915164 (bound) : |
| 040 ## - CATALOGING SOURCE | |
| Transcribing agency | CaOONL |
| 050 ## - LIBRARY OF CONGRESS CALL NUMBER | |
| Classification number | HF5657.4 |
| Item number | .M38 2003 |
| 055 01 - CLASSIFICATION NUMBERS ASSIGNED IN CANADA | |
| Classification number | HF5657.4 |
| 055 #0 - CLASSIFICATION NUMBERS ASSIGNED IN CANADA | |
| Classification number | HF5657.4 |
| Item number | .M38 2003 |
| 090 ## - LOCALLY ASSIGNED LC-TYPE CALL NUMBER (OCLC); LOCAL CALL NUMBER (RLIN) | |
| Classification number (OCLC) (R) ; Classification number, CALL (RLIN) (NR) | 658.1511 MAN |
| 245 00 - TITLE STATEMENT | |
| Title | Managerial accounting / |
| Statement of responsibility, etc. | Ray H. Garrison ... [and others]. |
| 250 ## - EDITION STATEMENT | |
| Edition statement | Sixth Canadian edition |
| 260 ## - PUBLICATION, DISTRIBUTION, ETC. | |
| Place of publication, distribution, etc. | Toronto : |
| Name of publisher, distributor, etc. | McGraw Hill Ryerson, |
| Date of publication, distribution, etc. | [2003], c2004. |
| 300 ## - PHYSICAL DESCRIPTION | |
| Extent | xxxiv, 766, 23 pages : |
| Other physical details | color illustrations ; |
| Dimensions | 29 cm. |
| 336 ## - CONTENT TYPE | |
| Content type term | text |
| Content type code | txt |
| Source | rdacontent |
| 337 ## - MEDIA TYPE | |
| Media type term | unmediated |
| Media type code | n |
| Source | rdamedia |
| 338 ## - CARRIER TYPE | |
| Carrier type term | volume |
| Carrier type code | nc |
| Source | rdacarrier |
| 500 ## - GENERAL NOTE | |
| General note | Includes index. |
| 650 #0 - SUBJECT ADDED ENTRY--TOPICAL TERM | |
| Topical term or geographic name entry element | Managerial accounting |
| Form subdivision | Textbooks. |
| 700 1# - ADDED ENTRY--PERSONAL NAME | |
| Personal name | Garrison, Ray H. |
| 906 ## - LOCAL DATA ELEMENT F, LDF (RLIN) | |
| a | AB:1:0 |
| -- | AG:1:0 |
| -- | BB:1:0 |
| -- | BRW:0:1 |
| -- | BUR:1:0 |
| -- | BY:0:1 |
| -- | CH:0:2 |
| -- | CL:2:0 |
| -- | DM:1:1 |
| -- | DR:1:0 |
| -- | EA:0:1 |
| -- | FP:8:0 |
| -- | FV:1:1 |
| -- | GHP:1:0 |
| -- | LS:1:0 |
| -- | ND:1:0 |
| -- | PL:1:0 |
| -- | PV:0:1 |
| -- | RD:0:1 |
| -- | RI:3:0 |
| -- | RS:1:0 |
| -- | ST:1:0 |
| -- | TH:0:1 |
| -- | TRL:1:0 |
| -- | WS:4:0 |
| -- | SJ:7:0 |
| 942 ## - ADDED ENTRY ELEMENTS (KOHA) | |
| Source of classification or shelving scheme | |
| Koha item type | Book |
| Suppress in OPAC | MM |
| 948 ## - LOCAL PROCESSING INFORMATION (OCLC); SERIES PART DESIGNATOR (RLIN) | |
| Series part designator, SPT (RLIN) | 09/09/2003 |
| b (OCLC) | 18/07/2005 |
| Withdrawn status | Lost status | Source of classification or shelving scheme | Damaged status | Not for loan | Permanent Location | Current Location | Shelving location | Date acquired | Total Checkouts | Full call number | Barcode | Date last seen | Price effective from | Koha item type | Public note |
|---|---|---|---|---|---|---|---|---|---|---|---|---|---|---|---|
| AU LIBRARY | AU LIBRARY | Open Shelf | 25.06.2021 | HF5657.4 .M38 2003 | 28000228 | 27.03.2024 | 25.06.2021 | Book | MM |